• 首页
  • 本馆介绍
  • 公告通知
  • 最新文献
  • 馆藏检索
  • 电子资源
  • 读者导购
  • 参考咨询
  • 我的图书馆
  • 登录
  • 详细信息显示
  • 放入我的书架
  • 预约/预借图书
  • 作者相关作品
  • 分类相关作品
  • 丛书相关作品
  • 出版社相关作品

书目信息

  • 表格格式
  • 工作单格式
  • 卡片格式
题名:
加国留学那些事儿
    
 
作者: ;温哥华公立教育联盟 编著
分册:  
出版信息: 上海   上海交通大学出版社  2018
页数: 270页
开本: 24cm
丛书名:
单 册:
中图分类: G649.711.8 , G649
科图分类:
主题词: 留学教育--liu xue jiao yu--概况--加拿大
电子资源:
ISBN: 978-7-313-18573-0
000 00950nam0 2200229 450
001 2369675225
005 20231109181509.70
010    @a978-7-313-18573-0@dCNY58.00
100    @a20180211d2018 em y0chiy50 ea
101 0  @achi
102    @aCN@b310000
105    @aak z 000yy
200 1  @a加国留学那些事儿@Ajia guo liu xue na xie shi er@f温哥华公立教育联盟编著
210    @a上海@c上海交通大学出版社@d2018
215    @a270页@c图@d24cm
330    @a去加拿大读高中,然后开始规划自己的读书和工作生涯,已经成为继美国、澳大利亚之后的另一个热点。本书为加拿大公立教育联盟多年来帮助中国学生赴加进行学习和职业生涯规划的案例集,通过分析这些案例的成功经验和失败教训,提出一些合理的建议和规划,供相关家长和学生学习。
606 0  @a留学教育@Aliu xue jiao yu@x概况@y加拿大
690    @aG649.711.8@v5
690    @aG649@v4
711 02 @a温哥华公立教育联盟@Awen ge hua gong li jiao yu lian meng@4编著
801  0 @aCN@b山东中教@c20230926
905    @aBZT@dG649@e5
    
    加国留学那些事儿/温哥华公立教育联盟编著.-上海:上海交通大学出版社,2018
    270页:图;24cm
    
    
    ISBN 978-7-313-18573-0:CNY58.00
    去加拿大读高中,然后开始规划自己的读书和工作生涯,已经成为继美国、澳大利亚之后的另一个热点。本书为加拿大公立教育联盟多年来帮助中国学生赴加进行学习和职业生涯规划的案例集,通过分析这些案例的成功经验和失败教训,提出一些合理的建议和规划,供相关家长和学生学习。
●
相关链接 在五车中查询图书 在当当中查询图书 在豆瓣中查询图书


正题名:加国留学那些事儿     索取号:G649/5         预约/预借

序号 登录号 条形码 馆藏地/架位号 状态 备注
1 2000967093   2000967093   第四书库/四007架B面6层4列/ [索取号:G649/5] 在馆    
2 2000967094   2000967094   第四书库/四007架B面6层4列/ [索取号:G649/5] 在馆    
3 2000967095   2000967095   第四书库/四007架B面6层4列/ [索取号:G649/5] 在馆    
4 2000967096   2000967096   第四书库/四007架B面6层4列/ [索取号:G649/5] 在馆    
5 2000967097   2000967097   第四书库/四007架B面6层4列/ [索取号:G649/5] 在馆    
6 2000967098   2000967098   第四书库/四007架B面6层4列/ [索取号:G649/5] 在馆    
山东省滨州职业学院图书馆 欢迎您!
大连网信软件有限公司© 版权所有